000 01115nam a2200277 i 4500
001 105348
003 ES-MaACL
005 20231005141847.0
007 t|
008 060627s1968 sp ||||1| spa d
080 _a75 Martín, María Cecilia (083.82)
100 1 _aMartín, María Cecilia.
_977349
245 1 0 _aMaría Cecilia Martín
_b: [exposición, Sala del Prado del Ateneo de Madrid, enero de 1969] /
_c[texto: Manuel Fernández Alvarez].
260 _a[Madrid] :
_bPublicaciones Españolas,
_c[1968]
300 _a[12] p. :
_bil. ;
_c23 cm.
490 1 _aCuadernos de arte. Serie divulgación ;
_v121
600 1 4 _aMartín, María Cecilia-
_vExposiciones.
_977350
610 2 7 _aAteneo de Madrid-
_vExposiciones-
_y1960-1969.
_91920
655 7 _2tgfbne
_9193628
_aCatálogos de exposiciones
700 1 _aFernández Álvarez, Manuel,
_d1921-2010
_949458
710 2 _aAteneo de Madrid.
_bSala del Prado.
_91965
830 0 _aCuadernos de arte. Serie divulgación ;
_v121
_9184876
852 _aES-MaACL
_j2205-F-39
_9109291
_bR.137782
_cDEPOF
942 _2udc
_cFOLLETOS
999 _c105348
_d105348